DHS Multi-Agency Operation Centers Would Benefit from Taking Further Steps To Enhance Collaboration and Coordination.

Bibliographic Details
Corporate Authors: United States. Government Accountability Office, ProQuest (Firm)
Format: Government Document eBook
Language:English
Published: [Washington] : [U.S. G.P.O.], 2007.
Series:U.S. Congressional Research.
Subjects:
Online Access:Connect to the full text of this electronic book

MARC

Tag First Indicator Second Indicator Subfields
LEADER 00000cam a22000001a 4500
001 in00003349821
006 m d f
007 cr bn mmmapmmp
008 110210s2007 dcu o f000 0 eng d
005 20260430223044.0
035 |a cis2007804821 
040 |a ProQuest  |c ProQuest  |d UtOrBLW 
043 |a n-us--- 
074 |a 0545-A-04 (Online) 
086 0 |a GA 1.41:GAO-07-686R 
099 |a CMP-2007-GAO-0506 
110 1 |a United States.  |b Government Accountability Office. 
245 1 0 |a DHS Multi-Agency Operation Centers Would Benefit from Taking Further Steps To Enhance Collaboration and Coordination. 
264 1 |a [Washington] :  |b [U.S. G.P.O.],  |c 2007. 
300 |a 1 online resource. 
336 |a text  |b txt  |2 rdacontent 
337 |a computer  |b c  |2 rdamedia 
338 |a online resource  |b cr  |2 rdacarrier 
500 |a Record is based on bibliographic data in ProQuest U.S. Congressional Research Digital Collection. Reuse except for individual research requires license from ProQuest, LLC. 
500 |a Electronic resource. 
610 1 0 |a United States.  |b Department of Homeland Security. 
650 0 |a Intergovernmental cooperation  |z United States. 
650 0 |a War on Terrorism, 2001-2009. 
650 0 |a National security  |z United States. 
650 0 |a Interagency coordination  |z United States. 
655 7 |a Electronic books.  |2 local 
710 2 |a ProQuest (Firm) 
776 0 8 |i Print version:  |a United States. Government Accountability Office.  |t DHS Multi-Agency Operation Centers Would Benefit from Taking Further Steps To Enhance Collaboration and Coordination 
776 0 8 |i Microfiche version:  |a United States. Government Accountability Office.  |t DHS Multi-Agency Operation Centers Would Benefit from Taking Further Steps To Enhance Collaboration and Coordination.  |d [Bethesda, Md.] : ProQuest,[2004]  |o CIS 2008 J942-247  |w (ProQuest)cis200802110 
830 0 |a U.S. Congressional Research. 
856 4 0 |u http://proxy.library.tamu.edu/login?url=https://congressional.proquest.com/congcomp/getdoc?CRDC-ID=CMP-2007-GAO-0506  |z Connect to the full text of this electronic book  |t 0 
948 |a cis200802110 
999 |a MARS 
999 f f |s f41217ec-254c-34f8-af6b-6bf6227dbec7  |i cee9045e-057f-37d0-aca9-c173b6cf9d43  |t 0 
952 f f |a Texas A&M University  |b College Station  |c Electronic Resources  |s www_evans  |d Available Online  |t 0  |e CMP-2007-GAO-0506  |h Other scheme 
998 f f |a CMP-2007-GAO-0506  |t 0  |l Available Online